10 Stolic #4 - Statystyki

Ogólne statystyki
  • Ten quiz został rozwiązany 30 razy
  • Średni wynik to 8 z 10
Statystyki odpowiedzi
Państwo Stolica % Poprawnych
Dania Kopenhaga
100%
Węgry Budapeszt
96%
Białoruś Mińsk
96%
Brazylia Brasilia
89%
Tajlandia Bangkok
82%
Panama Panama
79%
Maroko Rabat
75%
Kolumbia Bogota
68%
Bangladesz Dhaka
64%
Malezja Kuala Lumpur
64%
Nie znaleziono quizów pasujących do podanych kryteriów
Rozkład punktacji
Procent ludzi z każdym wynikiem
Percentyl według liczby udzielonych odpowiedzi
Twoja historia wyników
Nie rozwiązałeś tego quizu